Words That Appear in Disney's "Frozen" - Sudden Death - Statistics

General Stats
  • This quiz has been taken 80 times
    67 since last reset
  • The average score is 15 of 29
Answers on the Grid
Answers color-coded by a green-red scale on the quiz's grid according to % correct below.
Westeros
Vikings
Typhoid
Tarzan
Santa
Rhetoric
Quilting
Psychedelic
Popcorn
Lilo
Kraken
Karate
Igloo
Ginormous
Finland
Despot
Curling
Bruno
Ballet
Synchronization
Summer
Skull
Sauna
Sandwiches
Salad
Mushroom
Marshmallow
Lutefisk
Lacquer
Jinx
Isolation
Isles
Impaled
Heaven
Fractals
Fondue
Fjord
Fascinating
Donkey
Cuddle
Coronation
Conceal
Clogs
Chemistry
Chartreuse
Brothers
Bedhead
Ballroom
 
Answer Stats
Answer % Correct
Summer
81%
Coronation
79%
Ballroom
76%
Isolation
74%
Brothers
71%
Sandwiches
71%
Conceal
69%
Fondue
69%
Sauna
69%
Isles
67%
Fjord
62%
Synchronization
62%
Impaled
57%
Fascinating
55%
Fractals
55%
Jinx
52%
Marshmallow
50%
Cuddle
48%
Heaven
48%
Chemistry
43%
Donkey
43%
Bedhead
40%
Salad
40%
Clogs
31%
Skull
29%
Lutefisk
19%
Mushroom
17%
Chartreuse
12%
Lacquer
7%
No matching quizzes found
Score Distribution
Percent of People with Each Score
Percentile by Number Answered
Your Score History
You have not taken this quiz since the last reset